[Event "GBR-ch85"]
[Site "Torquay"]
[Date "1998.08.07"]
[Round "11.25"]
[White "Buckley, Melanie"]
[Black "Rayner, Francis"]
[Result "1/2-1/2"]
[WhiteElo "2005"]
[BlackElo "2235"]
[PlyCount "134"]
[EventDate "1998.07.27"]
[EventType "swiss"]
[EventRounds "11"]
[EventCountry "GBR"]
[SourceTitle "BritBase"]
[Source "britbase.info"]
[SourceDate "2021.07.30"]
[SourceVersion "1"]
[SourceVersionDate "2021.07.30"]
[SourceQuality "1"]

1. e4 Nf6 2. Nc3 e5 3. Nf3 d6 4. d4 exd4 5. Nxd4 Be7 6. f3 O-O 7. Be3 d5 8. Nb3
dxe4 9. Qxd8 Rxd8 10. Nxe4 Nxe4 11. fxe4 Nc6 12. Rd1 Rxd1+ 13. Kxd1 Bg4+ 14.
Be2 Rd8+ 15. Nd2 Be6 16. Kc1 Bf6 17. a3 Ne5 18. h3 b6 19. Rd1 c5 20. b3 Rc8 21.
Nf3 Nxf3 22. Bxf3 Be5 23. Be2 Kf8 24. c4 Ke7 25. Kc2 Re8 26. Bd2 Bd7 27. Bc3
Bxc3 28. Kxc3 Bc6 29. Bf3 Ke6 30. Kd3 Rd8+ 31. Ke3 Rxd1 32. Bxd1 Ke5 33. Bf3 f6
34. g3 Bd7 35. g4 Bc6 36. h4 h6 37. h5 b5 38. cxb5 Bxb5 39. Bd1 Bc6 40. Bc2 a5
41. Bd3 a4 42. bxa4 Bxa4 43. Be2 Bc2 44. Bf3 Bb3 45. Be2 c4 46. a4 Bxa4 47.
Bxc4 Bd1 48. Bf7 Bxg4 49. Bg6 Bd1 50. Kd2 Ba4 51. Ke3 Bc2 52. Kf3 Bb1 53. Bf5
Ba2 54. Bg6 Be6 55. Kg3 Bd7 56. Kf3 f5 57. exf5 Bxf5 58. Be8 Be6 59. Kg3 Kf5
60. Kh4 Kf4 61. Bg6 Bf5 62. Be8 Ke5 63. Bf7 Kf6 64. Be8 Be6 65. Bc6 Bf7 66. Be4
Ke5 67. Bb7 Kf6 1/2-1/2

[Event "GBR-ch85"]
[Site "Torquay"]
[Date "1998.08.07"]
[Round "11.26"]
[White "Osborne, Marcus E"]
[Black "Holmes, Michael"]
[Result "1-0"]
[WhiteElo "2205"]
[BlackElo "1999"]
[PlyCount "30"]
[EventDate "1998.07.27"]
[EventType "swiss"]
[EventRounds "11"]
[EventCountry "GBR"]
[SourceTitle "BritBase"]
[Source "britbase.info"]
[SourceDate "2021.07.30"]
[SourceVersion "1"]
[SourceVersionDate "2021.07.30"]
[SourceQuality "1"]

1. e4 c5 2. Nf3 Nc6 3. Bb5 g6 4. O-O Bg7 5. c3 e5 6. d4 cxd4 7. cxd4 exd4 8. e5
Qb6 9. Na3 Bf8 10. Bc4 Bxa3 11. bxa3 Nge7 12. Bg5 Nf5 13. Bf6 O-O 14. Qc1 h5
15. Nh4 Kh7 1-0

[Event "GBR-ch85"]
[Site "Torquay"]
[Date "1998.08.07"]
[Round "11.28"]
[White "Wismayer, Clive"]
[Black "Jackson, Adrian"]
[Result "0-1"]
[WhiteElo "2125"]
[BlackElo "2225"]
[PlyCount "58"]
[EventDate "1998.07.27"]
[EventType "swiss"]
[EventRounds "11"]
[EventCountry "GBR"]
[SourceTitle "BritBase"]
[Source "britbase.info"]
[SourceDate "2021.07.30"]
[SourceVersion "1"]
[SourceVersionDate "2021.07.30"]
[SourceQuality "1"]

1. e4 c5 2. Nf3 d6 3. d4 cxd4 4. Nxd4 Nf6 5. Nc3 g6 6. g3 Bg7 7. Bg2 O-O 8. O-O
Bg4 9. Nde2 Nc6 10. h3 Bd7 11. Bg5 h6 12. Be3 Qc8 13. Kh2 Ne5 14. Rb1 b5 15.
Nf4 Bc6 16. Ncd5 Qb7 17. Re1 Nc4 18. Bc1 Rfe8 19. b3 Nb6 20. Be3 Nbxd5 21. exd5
Bd7 22. Bd4 Rac8 23. c3 Bf5 24. Re6 fxe6 25. dxe6 Be4 26. f3 Bxb1 27. Qxb1 g5
28. Ng6 Qd5 29. Qe1 Qf5 0-1

[Event "GBR-ch85"]
[Site "Torquay"]
[Date "1998.08.07"]
[Round "11.30"]
[White "Barton, R Alan"]
[Black "Rendle, Thomas"]
[Result "1-0"]
[WhiteElo "2180"]
[BlackElo "1848"]
[PlyCount "75"]
[EventDate "1998.07.27"]
[EventType "swiss"]
[EventRounds "11"]
[EventCountry "GBR"]
[SourceTitle "BritBase Aug 2004"]

1. d4 Nf6 2. Nf3 e6 3. Bg5 c5 4. c3 Be7 5. Nbd2 h6 6. Bf4 Nc6 7. e3 b6 8. h3
O-O 9. Bd3 d6 10. Bh2 Re8 11. O-O a6 12. a4 Bf8 13. Qe2 Bb7 14. Rfe1 Nd7 15.
Nc4 Qc7 16. Rad1 b5 17. axb5 axb5 18. Na3 c4 19. Bb1 Qb6 20. d5 Nd8 21. dxe6
Nxe6 22. Nc2 Ndc5 23. Nb4 Rad8 24. Nd4 Nxd4 25. Rxd4 Ne6 26. Rg4 Ba8 27. Rd1 d5
28. Qc2 g6 29. h4 h5 30. Rg3 Rd7 31. Rxg6+ fxg6 32. Qxg6+ Rg7 33. Qxe8 Bb7 34.
Nxd5 Bxd5 35. Rxd5 Nc7 36. Bxc7 Qxc7 37. Qe6+ Rf7 38. Bg6 1-0

[Event "GBR-ch85"]
[Site "Torquay"]
[Date "1998.08.07"]
[Round "11.32"]
[White "Mutton, Jonathan"]
[Black "Richards, Heather"]
[Result "0-1"]
[WhiteElo "2135"]
[BlackElo "2130"]
[PlyCount "64"]
[EventDate "1998.07.27"]
[EventType "swiss"]
[EventRounds "11"]
[EventCountry "GBR"]
[SourceTitle "BritBase"]
[Source "britbase.info"]
[SourceDate "2021.07.30"]
[SourceVersion "1"]
[SourceVersionDate "2021.07.30"]
[SourceQuality "1"]

1. e4 e6 2. d4 d5 3. exd5 exd5 4. Nf3 Bd6 5. c4 c6 6. Nc3 Ne7 7. Qb3 O-O 8.
cxd5 Nxd5 9. Nxd5 cxd5 10. Bd3 Re8+ 11. Be3 Qa5+ 12. Nd2 Bf4 13. O-O-O Bxe3 14.
fxe3 Bd7 15. Rde1 Rc8+ 16. Kb1 Qxd2 17. Rd1 Qa5 18. Qxb7 Rd8 19. Rc1 Nc6 20.
Rxc6 Bxc6 21. Qxc6 Rdc8 22. Qd6 Qd2 23. Bf5 Rab8 24. b3 Qxg2 25. Rc1 Rxc1+ 26.
Kxc1 Re8 27. Qd7 Qg1+ 28. Kc2 Qxe3 29. Qxd5 g6 30. Bd7 Re4 31. Qa8+ Kg7 32.
Qxa7 Rxd4 0-1

[Event "GBR-ch85 playoff"]
[Site "Torquay"]
[Date "1998.08.08"]
[Round "1"]
[White "Sadler, Matthew D"]
[Black "Short, Nigel David"]
[Result "1/2-1/2"]
[WhiteElo "2660"]
[BlackElo "2670"]
[PlyCount "105"]
[EventDate "1998.08.08"]
[EventType "match (rapid)"]
[EventRounds "2"]
[EventCountry "GBR"]

1. d4 e6 2. c4 Nf6 3. Nf3 d5 4. Nc3 Be7 5. Bg5 h6 6. Bh4 Nbd7 7. e3 Ne4 8. Bxe7
Qxe7 9. Nxe4 dxe4 10. Nd2 f5 11. Qh5+ Qf7 12. Qxf7+ Kxf7 13. f3 exf3 14. Nxf3
b6 15. Bd3 Bb7 16. O-O g6 17. e4 Kg7 18. exf5 exf5 19. d5 c6 20. dxc6 Bxc6 21.
Nd4 Bb7 22. b4 Rhe8 23. Rfd1 Ne5 24. Bf1 Re7 25. c5 bxc5 26. bxc5 Rf8 27. Rac1
Rf6 28. Bb5 Nc6 29. a4 a6 30. Bxc6 Bxc6 31. Nxc6 Rxc6 32. Rd6 Rec7 33. Re1 Rxd6
34. cxd6 Rd7 35. Re5 Kf6 36. Ra5 Rxd6 37. h4 g5 38. hxg5+ Kxg5 39. Kh2 Kg4 40.
Rc5 f4 41. Rc8 Rd4 42. Rc6 Rxa4 43. Rxh6 a5 44. Rg6+ Kf5 45. Rc6 Ra3 46. Rc8 a4
47. Rf8+ Ke4 48. Re8+ Kd4 49. Rf8 Ke3 50. Re8+ Kd2 51. Re4 f3 52. gxf3 Rxf3 53.
Rxa4 1/2-1/2